000 00781nas a2200265 4500
001 BR0502471
003 BR-BrBNA
005 20231205105332.0
007 ta
008 230509b bl.|||p| |||| 00| 00por d
040 _aBR-BrBNA
_bpor
_cBiblioteca Nacional de Agricultura
041 _a(Pt)
072 _aE70; E14
100 1 _aMattoso, L.H.C.
100 1 _aMartin Neto, L.
245 1 _aNanotecnologia: nova revolução científica
650 _aAGRONEGÓCIO
650 _aMERCADO INTERNACIONAL
650 _aTECNOLOGIA AGRÍCOLA
650 _aTECNOLOGIA INDUSTRIAL
650 _aADOÇÃO DE INOVAÇÕES
773 0 _tAgroanalysis (Brazil)
_xISSN 0100-4298
_g(Apr 2005), v.25(4) p. E9
_wBR0502471
909 _a202311
_bLúcia
_c55
_dLúcia Elande
942 _2AGRIS
_n0
_cANA
999 _c182423
_d182423